|
|
|
|
| LEADER |
00644cam a2200217ua 4500 |
| 008 |
081209t2008||||||||||| 001 ||eng c |
| 020 |
|
|
|a 0-521-88303-0
|
| 041 |
0 |
|
|a eng
|
| 082 |
|
|
|a 620.104
|b GIN/E
|
| 100 |
0 |
|
|a Ginsberg, Jerry,
|
| 245 |
0 |
0 |
|a Engineering dynamics /
|
| 260 |
|
|
|a New York:
|b Cambridge University Press,
|c 2008.
|
| 300 |
|
|
|a xiv, 726p..
|
| 362 |
1 |
|
|a 2008.
|
| 365 |
|
|
|a Pd. 45.00
|e hb
|
| 500 |
|
|
|a Includes index.
|
| 650 |
|
|
|a Dynamics
|
| 650 |
0 |
|
|a Engineering
|
| 942 |
|
|
|c BK
|
| 999 |
|
|
|c 19765
|d 19765
|
| 952 |
|
|
|0 0
|1 0
|4 0
|6 620_104000000000000_GIN
|7 0
|9 20694
|a KUCL
|b KUCL
|d 2014-05-23
|l 0
|o 620.104 GIN/
|p 20885
|r 2014-05-23
|w 2014-05-23
|y BK
|